00237nam a2200097Ia 4500008004100000041000800041082001200049100001800061245003400079260002600113231212s1957 xx 000 0 und d aeng a621.381 aRamamoorty M. aAn Introduction To thyristors aLondonbMcGrowhc1957